000 00414nam a2200157 i 4500
001 116277
003 ES-MaACL
005 20230906190655.0
007 t|
008 061121m19701971sp |||| | spa d
110 2 _aPatronato "Marcelino Menéndez Pelayo"
_96189
245 1 0 _aMemoria del año 1968.
260 _aMadrid :
_b[s. n.],
_cImp. Aguirre.
300 _a206 p. ;
_c25 cm.
852 _aES-MaACL
_jC-43480
999 _c116277
_d116277